Základy ošetřování nemocných pro posl. fak. lék.

Bibliographic Details
Main Authors: Neuwirth, Jiří, 1932-2022 (Author), Staňková, Marta, 1938-2003 (Author), Mellanová, Alena, 1941- (Author)
Format: Book
Language:Czech
PhysicalDescription:188 s. 4°
Published: Praha Státní pedagogické nakladatelství 1988
Edition:3/1 vyd.
Subjects:

MARC

LEADER 00000nam a2200000 a 4500
001 vtls001326982
003 SK-MaSNL
005 20260416164849.0
008 240313s1988 xr 0 cze
035 |a SNK000279769 
040 |a SNK  |b slo  |c SNK  |e AACR2 
041 0 |a cze 
044 |a CZ 
080 |a 616-083(075.8)  |2 1981 
100 1 |a Neuwirth, Jiří,  |d 1932-2022  |4 aut  |9 260589 
245 1 |a Základy ošetřování nemocných  |b pro posl. fak. lék.  |c Jiří Neuwirth, Marta Staňková, Alena Mellanová 
250 |a 3/1 vyd. 
260 |a Praha  |b Státní pedagogické nakladatelství  |c 1988 
300 |a 188 s.  |c 4° 
500 |a Vyd. Univ. J.E. Purkyně. Brno 
650 0 7 |a chorí  |x ošetrovanie  |x učebnice vysokoškolské  |2 SNK  |9 384988 
650 0 7 |a ošetrovateľstvo  |x učebnice vysokoškolské  |2 SNK  |9 384989 
700 1 |a Staňková, Marta,  |d 1938-2003  |4 aut 
700 1 |a Mellanová, Alena,  |d 1941-  |4 aut  |9 64294 
958 |a RK 
958 |a OND 
999 |c 631913  |d 633843 
952 |t P60, <04>, [BOOK], {604}  |a SNK  |b SNK  |y VYP  |7 0  |p 17A0379372  |o snkIB 61534  |i snkKIP 439/89  |0 0  |1 0  |4 0  |d 1998-04-03  |l 0  |r 2005-01-02 00:00:00  |w 2026-02-23 
952 |t P60, <04>, [BOOK], {604}  |a SNK  |b SNK  |y VYP  |7 0  |o snkIB 61534 D1  |i snkKIP 440/89  |0 0  |1 0  |4 0  |d 1998-04-03  |l 0  |r 2005-01-02 00:00:00  |w 2026-02-23 
952 |t P60, <04>, [BOOK], {604}  |a SNK  |b SNK  |y VYP  |7 0  |p 17A0148203  |o snkIB 61534 D1  |0 0  |1 1  |4 0  |d 1998-07-07  |l 0  |r 2005-01-02 00:00:00  |w 2026-02-23